| 000 | 00865cam a22002653a 4500 | ||
|---|---|---|---|
| 001 | 5410 | ||
| 003 | PGUSA | ||
| 005 | 20140828083119.0 | ||
| 008 | 041204s2004||||xxu|||||s|||||000 | eng d | ||
| 040 |
_aPGUSA _beng |
||
| 042 | _adc | ||
| 050 | 4 | _aDA | |
| 100 | 1 |
_aHamilton, Anthony, Count, _d-1720 |
|
| 245 | 1 | 4 |
_aThe Memoirs of Count Grammont — Volume 02 _h[electronic resource] / _cAnthony, Count Hamilton |
| 260 |
_bProject Gutenberg, _c2004 |
||
| 506 | _aPublic domain in the USA. | ||
| 516 | _aElectronic text | ||
| 653 | _aGreat Britain -- History -- Charles II, 1660-1685 | ||
| 653 | _aGramont, Philibert, comte de, 1621-1707 | ||
| 653 | _aGreat Britain -- Court and courtiers -- Early works to 1800 | ||
| 700 | 1 |
_aScott, Walter, _d1771-1832 |
|
| 830 | 0 |
_aProject Gutenberg _v5410 |
|
| 856 | 4 | 0 | _uhttp://www.gutenberg.org/ebooks/5410 |
| 942 | _cEB | ||
| 999 |
_c234739 _d234739 |
||